000 00630nam a2200229Ia 4500
003 GCL
008 140319s9999 xx 000 0 eng d
020 _a9774241665
040 _aGCL /
_cGCL
082 0 4 _aCC
_b391.062
_bR R
100 1 _aRUGH, ANDREA B.
245 1 0 _aREVEAL AND CONCEAL :
_bDRESS IN CONTEMPORARY EGYPT /
_cRUGH, ANDREA B.
260 _aالقاهرة :
_bTHE AMERICAN UNIVERSITY IN CAIRO PRESS ،
_c1989
300 _a185 P .:
_bILL ؛
_c24 SL
650 0 4 _aRELIGION
650 0 4 _aCLOTHING AND DRESS
650 0 4 _aنجد
650 0 4 _aEGYPT
650 0 4 _aWOMEN
650 0 4 _aDRESS
942 _2ddc
_cBK
999 _c12176
_d12176